[Event "Gibraltar Masters 2019"]
[Site "Caleta ENG"]
[Date "2019.01.23"]
[Round "2.81"]
[White "Carreto Nieto,G"]
[Black "Seeman,T"]
[Result "0-1"]
[WhiteElo "2174"]
[BlackElo "2386"]

1.e4 c5 2.Nf3 e6 3.d4 cxd4 4.Nxd4 Nc6 5.Nc3 a6 6.Be3 Nf6 7.a3 Be7 8.f4 d6
9.Qf3 e5 10.Nf5 Bxf5 11.exf5 Nd4 12.Bxd4 exd4 13.Ne4 Qa5+ 14.Kf2 O-O 15.Bd3 d5
16.Nxf6+ Bxf6 17.b4 Qc7 18.g3 Rae8 19.Rae1 Qc3 20.Rxe8 Rxe8 21.Qxd5 Qd2+
22.Kf3 h5  0-1

[Event "Gibraltar Masters 2019"]
[Site "Caleta ENG"]
[Date "2019.01.23"]
[Round "2.80"]
[White "Shvayger,Y"]
[Black "Srija,S"]
[Result "1/2-1/2"]
[WhiteElo "2387"]
[BlackElo "2210"]

1.e4 e5 2.Nf3 Nc6 3.Bb5 a6 4.Bxc6 dxc6 5.O-O f6 6.d4 Bg4 7.c3 Bd6 8.Be3 Qd7
9.Nbd2 Ne7 10.h3 Be6 11.Qe2 Ng6 12.dxe5 Bxe5 13.Nd4 Nf4 14.Qf3 g5 15.Bxf4 Bxf4
16.Nxe6 Qxe6 17.Qh5+ Qf7 18.Qxf7+ Kxf7 19.Nb3 Rhe8 20.Rfe1 Rad8 21.g3 Be5
22.Kg2 b6 23.Rad1 c5 24.Kf3 h5 25.Nd2 b5 26.Nb3 c4 27.Na5 Rg8 28.Nc6 Rd6
29.Na5 g4+ 30.hxg4 hxg4+ 31.Ke2 Re8 32.Rh1 f5 33.Rh5 Bxg3 34.Rxf5+ Kg6 35.Rxd6+ Bxd6
36.Ke3 Rh8 37.Nb7 Rh3+ 38.Ke2 Be7 39.Nc5 g3 40.fxg3 Rh2+ 41.Kf3 Rxb2 42.Nxa6 Bd6
43.Nb4 Bxb4 44.cxb4 Rxb4 45.Rc5 Kf6 46.Rxc7 Ke5 47.Ke3 Rb2 48.Rc6 Rb1 49.a4 Rb3+
50.Kd2 bxa4 51.Rxc4 Rxg3 52.Rxa4 Rh3 53.Rb4  1/2-1/2

[Event "Gibraltar Masters 2019"]
[Site "Caleta ENG"]
[Date "2019.01.23"]
[Round "2.79"]
[White "Sanchez Jerez,E"]
[Black "Pigott,J"]
[Result "1-0"]
[WhiteElo "2183"]
[BlackElo "2387"]

1.e4 d6 2.d4 Nf6 3.f3 c5 4.dxc5 Qa5+ 5.Nc3 Qxc5 6.Qe2 a6 7.Be3 Qa5 8.Qf2 Nbd7
9.Bc4 b5 10.Bb3 Bb7 11.Ne2 e6 12.O-O Be7 13.Qg3 O-O 14.Bh6 Ne8 15.Bg5 Nef6
16.Bh6 Ne8 17.Bg5 Bxg5 18.Qxg5 Nc5 19.Qe3 b4 20.Nd1 Nf6 21.Nf2 d5 22.Nd3 Nxb3
23.axb3 Qc7 24.e5 Nd7 25.f4 a5 26.f5 Ba6 27.Nef4 exf5 28.Nxd5 Qxc2 29.Rad1 Bxd3
30.Rxd3 Nxe5 31.Rd2 Qe4 32.Qg3 Ng6 33.Re1 Qg4 34.Qf2 Rae8 35.Ne3 Qf4 36.Rdd1 Re5
37.Nc4 Rc5 38.Qxc5  1-0

[Event "Gibraltar Masters 2019"]
[Site "Caleta ENG"]
[Date "2019.01.23"]
[Round "2.78"]
[White "Phadke,So1"]
[Black "Vega Gutierrez,S"]
[Result "0-1"]
[WhiteElo "2191"]
[BlackElo "2390"]

1.d4 d5 2.Bf4 c5 3.e3 Nc6 4.Nc3 cxd4 5.exd4 a6 6.Nf3 Bg4 7.h3 Bxf3 8.Qxf3 e6
9.O-O-O Rc8 10.g4 Bd6 11.h4 Qf6 12.Ne2 Bxf4+ 13.Qxf4 Nb4 14.Qxf6 Nxf6 15.a3 Nxc2
16.Kb1 Nxg4 17.Rc1 Nxf2 18.Rh2 Nxa3+ 19.bxa3 Rxc1+ 20.Nxc1 Ne4 21.Rc2 Nd6
22.Nb3 Ke7 23.Rc7+ Kd8 24.Rc2 h5 25.Bd3 Rh6 26.Rg2 Rf6 27.Rxg7 Rf4 28.Rh7 Rxh4
29.Be2 Rh1+ 30.Kc2 Rh2 31.Kd1 h4 32.Nc5 Ke7 33.Bh5 Rf2 34.Nd3 Rf6 35.Ne5 h3
36.Ke2 h2 37.Bg4 Nb5 38.Ke3 Nxa3 39.Rxh2 Kd6 40.Rh8 Nc2+ 41.Kd3 Nxd4  0-1

[Event "Gibraltar Masters 2019"]
[Site "Caleta ENG"]
[Date "2019.01.23"]
[Round "2.77"]
[White "Shachar,E"]
[Black "Abdulraheem,Abdulrahman Akintoye"]
[Result "1-0"]
[WhiteElo "2391"]
[BlackElo "2224"]

1.d4 Nf6 2.Bf4 c5 3.d5 d6 4.Nc3 a6 5.a4 e5 6.dxe6 Bxe6 7.e4 Be7 8.Nf3 O-O
9.Be2 d5 10.e5 Ne8 11.Qd2 Nc6 12.Rd1 Nc7 13.O-O Qd7 14.Rfe1 Rfd8 15.h3 Bf5
16.Bd3 Bxd3 17.Qxd3 Nb4 18.Qd2 Qf5 19.Rc1 Ne6 20.Bg3 h6 21.b3 Re8 22.Nd1 d4
23.Nb2 b5 24.axb5 axb5 25.Qe2 Rab8 26.Bh4 Nf4 27.Qe4 Qxe4 28.Rxe4 g5 29.Bg3 Ne6
30.h4 Ra8 31.hxg5 hxg5 32.Nd3 Nd5 33.Nd2 Nc3 34.Ree1 Rec8 35.Ra1 Kf8 36.Kh2 Ke8
37.Kh3 Kd7 38.Kg4 Kc6 39.Rh1 Kd5 40.Rxa8 Rxa8 41.Rh7 Ra2 42.Rxf7 Rxc2 43.Nf3 Bf8
44.Kf5 Ng7+ 45.Kxg5 Ne4+ 46.Kg6 Nxg3 47.Rxf8 Ne6 48.Rf7 Rc3 49.fxg3 Rxd3
50.Kf5 Rxb3 51.Rd7+ Kc6 52.Kxe6 Rxf3 53.Rd6+ Kb7 54.gxf3 d3 55.Rxd3 c4 56.Rd1 c3
57.Kd5  1-0

[Event "Gibraltar Masters 2019"]
[Site "Caleta ENG"]
[Date "2019.01.23"]
[Round "2.76"]
[White "Torres,Federico"]
[Black "Kiik,K"]
[Result "1/2-1/2"]
[WhiteElo "2196"]
[BlackElo "2410"]

1.e4 c6 2.d3 d5 3.Nd2 g6 4.Ngf3 Bg7 5.g3 d4 6.Bg2 c5 7.e5 Nc6 8.Qe2 h6 9.O-O g5
10.Nc4 Bg4 11.h3 Be6 12.Nfd2 Qd7 13.Ne4 b6 14.f4 O-O-O 15.fxg5 Bxh3 16.Rxf7 Bxg2
17.Ned6+ Kb8 18.e6 Qc7 19.Nb5 Qxg3 20.Bf4+ Qxf4 21.Rxf4 Bd5 22.Qh2 Kb7 23.Rh4 Ka6
24.Nc7+ Kb7 25.Nb5 Ka6 26.a4 Bxc4 27.dxc4 Rc8 28.Re1 Kb7 29.Qg2 hxg5 30.Rxh8 Bxh8
31.Kf2 Bf6 32.Rh1 a6 33.Rh7 Kb8 34.Na3 Be5 35.Nb1 Bf4 36.Ke2 Nf6 37.Rf7 Kc7
38.Nd2 Rh8 39.Nf1  1/2-1/2

[Event "Gibraltar Masters 2019"]
[Site "Caleta ENG"]
[Date "2019.01.23"]
[Round "2.75"]
[White "Warakomska,A"]
[Black "Dragnev,Valentin"]
[Result "0-1"]
[WhiteElo "2209"]
[BlackElo "2511"]

1.e4 e5 2.Nf3 Nc6 3.Bb5 a6 4.Ba4 Nf6 5.O-O Be7 6.Re1 b5 7.Bb3 O-O 8.a4 b4
9.d4 d6 10.dxe5 dxe5 11.Nbd2 Bc5 12.h3 Na5 13.Qe2 Qe7 14.Ba2 Be6 15.Bxe6 Qxe6
16.Nf1 Rfd8 17.Be3 Bd4 18.Bxd4 exd4 19.e5 Ne8 20.N1d2 h6 21.b3 c5 22.Qd3 Rac8
23.Re4 Nc7 24.Ne1 Nd5 25.Nc4 Nxc4 26.Qxc4 Nc3 27.Qxe6 fxe6 28.Rg4 c4 29.bxc4 Rxc4
30.Nd3 a5 31.Re1 Nd5 32.Re2 Rdc8 33.Ne1 R8c5 34.Rd2 Nb6 35.Nd3 Rc6 36.Nf4 Nxa4
37.Nh5 Rc7 38.Rdxd4 Rxd4 39.Rxd4 Rxc2 40.Rd8+ Kh7 41.Rd7 b3 42.Rxg7+ Kh8
43.Rb7 b2  0-1

[Event "Gibraltar Masters 2019"]
[Site "Caleta ENG"]
[Date "2019.01.23"]
[Round "2.74"]
[White "Logothetis,S"]
[Black "Santos Latasa,J"]
[Result "0-1"]
[WhiteElo "2210"]
[BlackElo "2581"]

1.d4 Nf6 2.c4 g6 3.Nf3 Bg7 4.g3 O-O 5.Bg2 d6 6.Nc3 Nbd7 7.O-O e5 8.e4 exd4
9.Nxd4 Re8 10.h3 Nc5 11.Re1 Bd7 12.Bf4 h6 13.h4 Ng4 14.b4 g5 15.hxg5 hxg5
16.Be3 Nxe3 17.Rxe3 Na4 18.Nde2 Nb6 19.Nd5 Nxc4 20.Rc3 Bxc3 21.Nexc3 c6  0-1

[Event "Gibraltar Masters 2019"]
[Site "Caleta ENG"]
[Date "2019.01.23"]
[Round "2.73"]
[White "Sukandar,I"]
[Black "Chen,Jonathan"]
[Result "1/2-1/2"]
[WhiteElo "2397"]
[BlackElo "1884"]

1.d4 Nf6 2.Bf4 e6 3.e3 b6 4.Nd2 Bb7 5.Ngf3 Be7 6.Bd3 c5 7.c3 cxd4 8.exd4 O-O
9.O-O d6 10.Re1 Nbd7 11.Nc4 Qc7 12.a4 a6 13.h3 Rfe8 14.Bg3 Bc6 15.Qe2 Rab8
16.Ng5 Nf8 17.Nd2 b5 18.axb5 axb5 19.Nge4 N8d7 20.Rec1 Nxe4 21.Nxe4 Nf6 22.b4 Nxe4
23.Bxe4 Bxe4 24.Qxe4 Qb7 25.Qxb7 Rxb7 26.Ra6 Rd8 27.Rc6 Kf8 28.Ra1 Ke8 29.Raa6 d5
30.Kf1 Kd7 31.Be5 g6 32.g4 h5 33.gxh5 gxh5 34.Bd6 Bxd6 35.Rxd6+ Ke7 36.Rxd8 Kxd8
37.Ra8+ Ke7 38.Ke2 Kf6 39.h4 Kf5 40.Rg8 f6 41.Kd3 Rb6 42.f3 Kf4 43.Rh8 Kxf3
44.Rxh5 f5 45.Rg5 Ra6 46.Rg6 f4 47.h5 Kf2 48.h6 Ra1 49.Rxe6 f3 50.Rf6 Rd1+
51.Kc2 Rh1 52.c4 Ke3 53.cxb5 f2 54.h7 Rxh7 55.b6 Rb7 56.Kc3 Ke2 57.Re6+ Kf1
58.Rf6 Re7 59.b5 Ke2 60.Kb4 f1=Q 61.Rxf1 Kxf1 62.Kc5 Ke2 63.Kxd5 Kd3 64.Kd6 Re8
65.d5 Kc4 66.Kc6 Rc8+ 67.Kd7 Rh8 68.d6 Kxb5 69.Kc7 Rh7+ 70.d7 Rxd7+ 71.Kxd7 Kxb6  1/2-1/2

[Event "Gibraltar Masters 2019"]
[Site "Caleta ENG"]
[Date "2019.01.23"]
[Round "2.72"]
[White "Horvath,Dominik"]
[Black "Avila Fraire,Ameyalli"]
[Result "1-0"]
[WhiteElo "2417"]
[BlackElo "1994"]

1.Nf3 Nf6 2.c4 g6 3.Nc3 Bg7 4.g3 d6 5.Bg2 O-O 6.O-O e5 7.d4 Nbd7 8.e4 Ne8
9.Be3 f5 10.exf5 gxf5 11.Ng5 Nb6 12.dxe5 Bxe5 13.Qd3 Qe7 14.Rfe1 Qg7 15.c5 h6
16.Nh3 Nd7 17.cxd6 Nxd6 18.Nd5 Ne4 19.Nxc7 Bxc7 20.Qc4+ Kh7 21.Qxc7 Qxb2
22.Rad1 Qg7 23.Bd4 Ndf6 24.Qxg7+ Kxg7 25.Nf4 Kf7 26.Bf1 Re8 27.Bc4+ Kf8 28.f3 Nd6
29.Bb3 Rxe1+ 30.Rxe1 Nde8 31.Bc5+ Kg7 32.Re7+  1-0

[Event "Gibraltar Masters 2019"]
[Site "Caleta ENG"]
[Date "2019.01.23"]
[Round "2.71"]
[White "Buksa,N"]
[Black "Kozarcanin,S"]
[Result "1-0"]
[WhiteElo "2420"]
[BlackElo "2048"]

1.e4 e5 2.Nf3 Nc6 3.Bb5 a6 4.Ba4 d6 5.O-O g6 6.d4 Bd7 7.dxe5 dxe5 8.Bxc6 Bxc6
9.Nxe5 Qxd1 10.Rxd1 Bxe4 11.Re1 f5 12.f3 Bc5+ 13.Kh1 Bf2 14.Re2 Bd4 15.Nd3 Nf6
16.fxe4 fxe4 17.Nf4 Kf7 18.Nc3 Bxc3 19.bxc3 Rad8 20.Be3 Rhe8 21.Rf1 Kg8 22.Ree1 Nd5
23.Nxd5 Rxd5 24.a3 h5 25.Kg1 Ra5 26.Bc1 Ra4 27.Kf2 Re6 28.Ke2 Rc4 29.Rd1 Re8
30.Bb2 b6 31.Rd4 Rc5 32.Rd7 Rf8 33.Rxf8+ Kxf8 34.Ke3 Rf5 35.c4 Rc5 36.Rd4 b5
37.Rxe4 bxc4 38.Bc3 Rc6 39.Kd4 Rf6 40.Re2 Rf4+ 41.Kc5 Kf7 42.Rd2 Ke8 43.Kc6 Rf7
44.h4 Re7 45.Ba5 c3 46.Rd3  1-0

[Event "Gibraltar Masters 2019"]
[Site "Caleta ENG"]
[Date "2019.01.23"]
[Round "2.70"]
[White "Danielian,E"]
[Black "Semprun Martinez,F"]
[Result "1-0"]
[WhiteElo "2427"]
[BlackElo "2076"]

1.Nf3 Nf6 2.c4 g6 3.Nc3 Bg7 4.g3 O-O 5.Bg2 d6 6.d4 Nc6 7.O-O a6 8.Qd3 e5
9.dxe5 dxe5 10.Qxd8 Rxd8 11.Bg5 Be6 12.Nd2 h6 13.Bxf6 Rxd2 14.Bxg7 Kxg7 15.Bxc6 bxc6
16.b3 Rc2 17.Rfc1 Rb2 18.Kf1 Rd8 19.Na4 Rbd2 20.Nc5 Bf5 21.Ke1 Rb2 22.Na4 Rbd2
23.Rd1 R2d6 24.Nc5 Bc8 25.Ne4 Rxd1+ 26.Rxd1 Rxd1+ 27.Kxd1 f5 28.Nc5 Kf6 29.Kd2 Ke7
30.Kc3 Kd6 31.b4 g5 32.f3 h5 33.e3 f4 34.exf4 gxf4 35.gxf4  1-0

[Event "Gibraltar Masters 2019"]
[Site "Caleta ENG"]
[Date "2019.01.23"]
[Round "2.69"]
[White "Schippers,Maurice"]
[Black "Reuben,S"]
[Result "1-0"]
[WhiteElo "2276"]
[BlackElo "1989"]

1.e4 c5 2.Nf3 Nc6 3.d4 cxd4 4.Nxd4 g6 5.c4 Bg7 6.Be3 d6 7.Nc3 Nh6 8.Be2 f5
9.exf5 Nxf5 10.Nxf5 Bxf5 11.O-O O-O 12.Qd2 Qa5 13.Rac1 Rac8 14.b3 Rfd8 15.Rfd1 Qe5
16.Bf3 Rd7 17.Re1 Qf6 18.h3 Nd4 19.Be4 e5 20.Bd5+ Be6 21.Bxd4  1-0

[Event "Gibraltar Masters 2019"]
[Site "Caleta ENG"]
[Date "2019.01.23"]
[Round "2.68"]
[White "Javakhishvili,L"]
[Black "Osuna Vega,E"]
[Result "1-0"]
[WhiteElo "2452"]
[BlackElo "2116"]

1.d4 e6 2.c4 d5 3.Nc3 f5 4.cxd5 exd5 5.Nf3 Nf6 6.Bf4 c6 7.e3 Bb4 8.Qb3 Qa5
9.Bd3 Ne4 10.Rc1 O-O 11.O-O Kh8 12.a3 Be7 13.Ne2 Qb6 14.Qc2 Be6 15.h3 Qd8
16.Bh2 g6 17.Ne5 Nd7 18.f3 Nef6 19.Nf4 Bf7 20.Nxf7+ Rxf7 21.Ne6 Qg8 22.Qb3 Qc8
23.Nc7 Rb8 24.e4 Nb6 25.exd5 Nbxd5 26.Nxd5 Nxd5 27.Bc4 Qd8 28.Bxd5 cxd5 29.Bxb8 Qxb8
30.Qxd5 Kg8 31.Qe6 Qd6 32.Rc8+ Kg7 33.Qe5+ Qf6 34.Rc7 Bd8 35.Rxf7+ Kxf7 36.Qd5+ Kf8
37.Rc1 Qe7 38.Qe5 Kf7 39.Qxe7+ Kxe7 40.Kf2  1-0

[Event "Gibraltar Masters 2019"]
[Site "Caleta ENG"]
[Date "2019.01.23"]
[Round "2.67"]
[White "Haldorsen,Benjamin"]
[Black "Spence,D"]
[Result "1-0"]
[WhiteElo "2454"]
[BlackElo "2143"]

1.e4 e6 2.d4 d5 3.Nd2 Nf6 4.e5 Nfd7 5.Bd3 c5 6.c3 Nc6 7.Ne2 cxd4 8.cxd4 f6
9.exf6 Nxf6 10.O-O Bd6 11.Nf3 Qc7 12.Nc3 a6 13.Bd2 O-O 14.Rc1 Bd7 15.Re1 Rae8
16.Na4 Qb8 17.Nc5 Bxc5 18.Rxc5 e5 19.dxe5 Nxe5 20.Nxe5 Rxe5 21.h3 Rxe1+ 22.Qxe1 Bc6
23.Qe6+ Kh8 24.Rc1 Ne4 25.Be3 Re8 26.Qf5 Rf8 27.Qh5 Qd6 28.Rd1 Qb4 29.Qe5 Re8
30.Qd4 Qxd4 31.Bxd4 Kg8 32.f3 Nd6 33.Kf2 g6 34.Bc5 Nc4 35.b3 Ne5 36.Bb1 Nd7
37.Bd4 Nf8 38.h4 Ne6 39.a4 Kf7 40.Rd2 Rc8 41.h5 Be8 42.Bb2 Rd8 43.hxg6+ hxg6
44.Ke3 Bc6 45.Bc2 Re8 46.Bd4 Nc5+ 47.Kf2 Ne6 48.b4 Rc8 49.Bb3 Rd8 50.Be5 Rd7
51.g4 Ng5 52.Kg3 Ke6 53.Bf4 Nf7 54.Be3 Ne5 55.Bd4 Nc4 56.Rh2 Rd8 57.Rh6 Rg8
58.Bc2 Be8 59.f4 Kd7 60.f5 gxf5 61.Bxf5+ Kc7 62.Be6  1-0

[Event "Gibraltar Masters 2019"]
[Site "Caleta ENG"]
[Date "2019.01.23"]
[Round "2.66"]
[White "Batsiashvili,N"]
[Black "Baert,A"]
[Result "1-0"]
[WhiteElo "2459"]
[BlackElo "2147"]

1.d4 Nf6 2.c4 e6 3.Nf3 d5 4.g3 Be7 5.Bg2 O-O 6.O-O dxc4 7.Qc2 Bd7 8.Qxc4 Bc6
9.Nc3 Nbd7 10.Re1 Ne4 11.Qd3 Ndf6 12.Ne5 Nxc3 13.Bxc6 Nxe2+ 14.Rxe2 bxc6
15.Nxc6 Qd7 16.Rc2 Nd5 17.Bd2 Bd6 18.Rac1 f6 19.b4 Qf7 20.b5 Qg6 21.Qxg6 hxg6
22.a4 Kf7 23.h4 Ke8 24.a5 Kd7 25.a6 Rh8 26.Na5 Rh5 27.Nb7 Rb8 28.Ba5 g5 29.hxg5 Rxg5
30.Rc6 Rg4 31.Nxd6 cxd6 32.Rc7+ Nxc7 33.Rxc7+ Ke8 34.Rb7 Ra8 35.Bc3 Kd8 36.Kg2 Rg5
37.f4 Rd5 38.Rxg7 Rc8 39.b6 axb6 40.a7 Rb5 41.Rg8+  1-0

[Event "Gibraltar Masters 2019"]
[Site "Caleta ENG"]
[Date "2019.01.23"]
[Round "2.31"]
[White "Papp,Ga"]
[Black "Iniyan,P"]
[Result "1-0"]
[WhiteElo "2603"]
[BlackElo "2456"]

1.e4 c5 2.Nf3 d6 3.d4 cxd4 4.Qxd4 a6 5.c4 Nc6 6.Qe3 Bg4 7.Be2 g6 8.O-O Bg7
9.Nc3 Bxf3 10.Bxf3 Rc8 11.Bg4 e6 12.Be2 Nd4 13.Rb1 Ne7 14.Rd1 Nec6 15.Bf1 O-O
16.Qg3 Be5 17.f4 Bg7 18.Be3 e5 19.Rd2 f5 20.Rbd1 fxe4 21.Nxe4 d5 22.Ng5 h6
23.Bxd4 Nxd4 24.Rxd4 exd4 25.Ne6 Qf6 26.cxd5 Rfe8 27.Bd3 Rxe6 28.dxe6 Qxe6
29.Re1 Qb6 30.h4 Rf8 31.h5 Qd6 32.hxg6 Qxf4 33.Qxf4 Rxf4 34.a4 Kf8 35.Rc1 Be5
36.Rc5 Bd6 37.Rc8+ Kg7 38.Rd8 Be7 39.Rd7 Kf6 40.Rxb7 a5 41.Rb5 Rg4 42.Rxa5 Rg3
43.Rf5+ Ke6 44.Rf3  1-0

[Event "Gibraltar Masters 2019"]
[Site "Caleta ENG"]
[Date "2019.01.23"]
[Round "2.65"]
[White "Weisbuch,U"]
[Black "Pogonina,N"]
[Result "1/2-1/2"]
[WhiteElo "2172"]
[BlackElo "2465"]

1.e4 e5 2.Nf3 Nc6 3.Bc4 Bc5 4.d3 Nf6 5.Bb3 d6 6.c3 a6 7.h3 Ba7 8.Nbd2 Be6
9.Bc2 h6 10.Nf1 d5 11.Qe2 d4 12.Ng3 Qd7 13.Ba4 b5 14.Bc2 Rd8 15.Bd2 O-O 16.O-O Kh7
17.Kh2 Ng8 18.Nh4 dxc3 19.bxc3 b4 20.Nf3 bxc3 21.Bxc3 Nd4 22.Nxd4 Bxd4 23.Qd2 Ne7
24.Ne2 Bxc3 25.Qxc3 Qc6 26.Rfd1 Qxc3 27.Nxc3 Rd6 28.Ne2 Rb8 29.d4 Bc4 30.dxe5 Rxd1
31.Bxd1 Rb2 32.Nd4 Bxa2 33.f4 c5 34.Ne2 Bc4 35.Nc3 Nc6 36.Na4 Rf2 37.Bf3 Nd4
38.Kg3 Rc2 39.Nxc5 Be2 40.Nxa6 Rc3 41.f5 Bxf3 42.gxf3 Nxf3 43.e6 fxe6 44.fxe6 Ng5+
45.Kg4 Nxe6 46.Kf5 Nd4+ 47.Ke5 Nf3+ 48.Kd6 Rd3+ 49.Ke7 Re3 50.Nc5 Ng5 51.Ra4 Nxh3
52.Nd7 Nf4 53.e5 Ng6+ 54.Kd6 h5 55.e6 Kh6 56.Ra5 Rd3+ 57.Kc7 Re3 58.Kd6 Rd3+
59.Kc7 Re3  1/2-1/2

[Event "Gibraltar Masters 2019"]
[Site "Caleta ENG"]
[Date "2019.01.23"]
[Round "2.64"]
[White "Bilguun,Sumiya"]
[Black "Smith,An"]
[Result "1-0"]
[WhiteElo "2471"]
[BlackElo "2167"]

1.e4 e5 2.Nf3 Nc6 3.Bb5 a6 4.Ba4 Nf6 5.d3 Bc5 6.O-O d6 7.c3 O-O 8.h3 h6 9.Re1 Ba7
10.Nbd2 Nh5 11.d4 Qf6 12.Nf1 Ne7 13.Ne3 Nf4 14.Ng4 Bxg4 15.hxg4 Neg6 16.Be3 Qe7
17.Qd2 Ne6 18.g3 f6 19.Kg2 Rfd8 20.Bb3 Kf7 21.a4 a5 22.Qe2 c6 23.d5 cxd5
24.Bxd5 Kf8 25.Rad1 Bxe3 26.fxe3 Rab8 27.Rf1 Ke8 28.Qb5+ Kf8 29.Ba2 Nc5 30.Qc4 Ke8
31.g5 hxg5 32.Nxg5 Nf8 33.Nf7 Rd7 34.Qb5 Nxe4 35.Qd3 d5 36.Bxd5 Nc5 37.Qb5 e4
38.Rf4 b6 39.Qc6 Nfe6 40.Rxe4 Nxe4 41.Bxe6 Nc5 42.Bxd7+ Nxd7 43.Nd6+ Kf8
44.Nf5  1-0

[Event "Gibraltar Masters 2019"]
[Site "Caleta ENG"]
[Date "2019.01.23"]
[Round "2.63"]
[White "Lemos,D"]
[Black "Lim,Z"]
[Result "1/2-1/2"]
[WhiteElo "2474"]
[BlackElo "2178"]

1.d4 Nf6 2.Nf3 d5 3.e3 c5 4.Nbd2 cxd4 5.exd4 Nc6 6.Bb5 g6 7.Ne5 Bd7 8.Nxd7 Nxd7
9.c3 Bg7 10.O-O O-O 11.Re1 a6 12.Bf1 Re8 13.Nf3 e5 14.dxe5 Ndxe5 15.Nxe5 Bxe5
16.g3 d4 17.Qf3 dxc3 18.bxc3 Qf6 19.Re3 Qxf3 20.Rxf3 Na5 21.Bg5 Bg7 22.Rd1 h6
23.Bf4 Rad8 24.Rxd8 Rxd8 25.Bc7 Rd5 26.c4 Rc5 27.Bb6 Re5 28.Bc7 Rc5 29.Bb6 Re5
30.Rd3 Nc6 31.Rd7 Re7 32.Rxe7 Nxe7 33.Bh3 f5 34.Bg2 Nc6 35.Kf1 Kf7 36.Bd5+ Ke7
37.Bc5+ Kd7 38.a4 Kc7 39.h4 f4 40.gxf4 Bf6 41.f5 gxf5 42.h5 Bg5 43.Ke2 b6
44.Ba3 Ne5 45.Bb2 Kd6 46.Ba3+ Kc7 47.Bb4 a5 48.Ba3 Nd7 49.Be6 Nc5 50.Bxc5 bxc5  1/2-1/2

[Event "Gibraltar Masters 2019"]
[Site "Caleta ENG"]
[Date "2019.01.23"]
[Round "2.62"]
[White "Tan Zhongyi"]
[Black "Koehler,G2"]
[Result "1-0"]
[WhiteElo "2502"]
[BlackElo "2184"]

1.c4 Nf6 2.Nc3 d6 3.d4 Nbd7 4.g3 g6 5.Bg2 Bg7 6.Nf3 O-O 7.O-O e5 8.h3 Re8
9.e4 c6 10.Re1 Qc7 11.Be3 exd4 12.Nxd4 Nc5 13.Qc2 a5 14.Rad1 Nfd7 15.b3 Ne6
16.Nde2 Bf8 17.Qd2 Ng7 18.Nd4 Nc5 19.Ndb5 cxb5 20.Nd5 Qb8 21.Bxc5  1-0

[Event "Gibraltar Masters 2019"]
[Site "Caleta ENG"]
[Date "2019.01.23"]
[Round "2.61"]
[White "Arizmendi Martinez,J"]
[Black "Solozhenkina,Elizaveta"]
[Result "1-0"]
[WhiteElo "2506"]
[BlackElo "2279"]

1.e4 c6 2.d4 d5 3.exd5 cxd5 4.Nf3 Nc6 5.Bb5 e6 6.O-O Nf6 7.Re1 Bd7 8.Bd3 Bd6
9.c3 h6 10.Ne5 Qc7 11.Qe2 O-O 12.Nd2 Be8 13.Ndf3 Rc8 14.h3 Kh8 15.Bf4 Nh5
16.Bd2 Bxe5 17.dxe5 f5 18.exf6 Rxf6 19.Ne5 Nxe5 20.Qxe5 Qf7 21.g4 Rxf2 22.Rf1 Rxf1+
23.Rxf1 Nf6 24.Bxh6 Bc6 25.Bxg7+ Qxg7 26.Rxf6  1-0

[Event "Gibraltar Masters 2019"]
[Site "Caleta ENG"]
[Date "2019.01.23"]
[Round "2.60"]
[White "Muzychuk,A"]
[Black "Dhulipalla,Bala Chandra Prasad"]
[Result "1-0"]
[WhiteElo "2569"]
[BlackElo "2341"]

1.c4 Nf6 2.Nc3 e5 3.g3 Bb4 4.Bg2 O-O 5.e4 Bxc3 6.bxc3 c6 7.Nf3 Nxe4 8.O-O d6
9.Nxe5 Nc5 10.Ng4 Nd3 11.Ba3 Na6 12.Ne3 Re8 13.Rb1 Nac5 14.Qc2 Qa5 15.Bxc5 Nxc5
16.d4 Na4 17.c5 dxc5 18.Nc4 Qa6 19.Nd6 Rd8 20.Rfe1 g6 21.Nxf7 Kxf7 22.Qe4 Qa5
23.Qf4+ Bf5 24.Rxb7+ Kg8 25.Qh6  1-0

[Event "Gibraltar Masters 2019"]
[Site "Caleta ENG"]
[Date "2019.01.23"]
[Round "2.59"]
[White "Cholleti,S"]
[Black "Karthikeyan,M2"]
[Result "1/2-1/2"]
[WhiteElo "2122"]
[BlackElo "2570"]

1.Nf3 Nf6 2.c4 c5 3.Nc3 Nc6 4.d4 cxd4 5.Nxd4 g6 6.e4 d6 7.Be2 Nxd4 8.Qxd4 Bg7
9.Be3 O-O 10.Qd2 a6 11.f3 Be6 12.Rc1 Rc8 13.b3 b5 14.cxb5 axb5 15.Nxb5 Rxc1+
16.Qxc1 Qa5+ 17.Qd2 Ra8 18.Qxa5 Rxa5 19.Nc3 Nd7 20.Na4 Nc5 21.Nxc5 dxc5 22.Kf2 Bd4
23.Bxd4 cxd4 24.Rd1 Rxa2 25.Rxd4 Bxb3 26.Ke3 g5 27.g3 e5 28.Rd2 Ra1 29.f4 exf4+
30.gxf4 gxf4+ 31.Kxf4 Be6 32.Bf3 Kg7 33.Rg2+ Kf6 34.e5+ Ke7 35.Be4 h6 36.Rg3 Ra4
37.Ke3 Bd7 38.Bd5 Ra5 39.Kd4 Ra4+ 40.Ke3 Be6 41.Be4 Bd7 42.Bd5 Ra5 43.Kd4 Be6
44.Be4 Ra2 45.Rg2 Ra4+ 46.Ke3 Bc4 47.Rd2 Be6 48.Rf2 Ra5 49.Kd4 Ra3 50.Bd3 Ra4+
51.Ke3 Rh4 52.Be4 Bb3 53.Bf5 Rh5 54.Kf4 Be6 55.Be4 Bd7 56.Bd5 Rf5+ 57.Kg3 Rg5+
58.Kf4 Rh5 59.Ke4 Be6 60.Bxe6 Kxe6 61.Rf6+ Ke7 62.Rf2 Rh3 63.Kf5 Rh4 64.Ra2 Rh5+  1/2-1/2

[Event "Gibraltar Masters 2019"]
[Site "Caleta ENG"]
[Date "2019.01.23"]
[Round "2.45"]
[White "Tsolakidou,Stavroula"]
[Black "Lalith,B"]
[Result "0-1"]
[WhiteElo "2414"]
[BlackElo "2547"]

1.d4 Nf6 2.c4 e6 3.g3 c5 4.d5 exd5 5.cxd5 d6 6.Nc3 g6 7.Bg2 Bg7 8.Nf3 O-O
9.O-O Re8 10.Bf4 Bf5 11.Bg5 h6 12.Bxf6 Qxf6 13.Nd2 Na6 14.e4 Bd7 15.a4 Qd4
16.Re1 Nb4 17.Bf1 Bg4 18.Qxg4 Qxd2 19.Re2 Qg5 20.Qd7 Qe7 21.Qb5 a6 22.Qc4 b5
23.Qb3 bxa4 24.Qc4 Bd4 25.Rxa4 Qf6 26.Bg2 Rab8 27.Ra1 Rb6 28.Rf1 h5 29.Kh1 h4
30.f4 hxg3 31.h3 Bf2 32.e5 dxe5 33.Ne4 Qxf4 34.d6 Rf8 35.d7 Qh4 36.Qb3 Qe7
37.Rd1 Bd4 38.Qxg3 Rd8 39.Rf1 Rxd7 40.Ng5 Rf6 41.Ree1 Rxf1+ 42.Rxf1 f5 43.h4 Nd5
44.Ra1 Qd6 45.Bf1 e4 46.Qb3 Qf4 47.Bc4 Qxh4+ 48.Nh3 Kg7 49.Bxd5 Rxd5 50.Rxa6 Qe1+  0-1

[Event "Gibraltar Masters 2019"]
[Site "Caleta ENG"]
[Date "2019.01.23"]
[Round "2.57"]
[White "Michenka,J"]
[Black "Vocaturo,D"]
[Result "0-1"]
[WhiteElo "2280"]
[BlackElo "2626"]

1.d4 e6 2.c4 c5 3.e3 cxd4 4.exd4 Nf6 5.Nf3 d5 6.Nc3 Be7 7.Bd3 O-O 8.O-O Nc6
9.a3 b6 10.cxd5 exd5 11.h3 Be6 12.Re1 a6 13.Bf4 b5 14.Ne5 Rc8 15.Nxc6 Rxc6
16.Qf3 Ne8 17.Rac1 b4 18.axb4 Bxb4 19.Na2 Rxc1 20.Rxc1 Be7 21.Qe2 a5 22.Nc3 Nd6
23.Na4 Bf6 24.Be5 Bxe5 25.dxe5 Ne4 26.Bxe4 dxe4 27.Qxe4 Bxh3 28.Rc3 Be6 29.Nc5 Qd1+
30.Kh2 Qh5+ 31.Kg1 Bf5 32.Qd5 Qe2 33.Rf3 Qxb2 34.Kh2 g6 35.e6 Qf6 36.exf7+ Rxf7
37.Qa8+ Rf8 38.Qxa5 Qe5+ 39.g3 Qd5 40.Rf4 Rc8  0-1

[Event "Gibraltar Masters 2019"]
[Site "Caleta ENG"]
[Date "2019.01.23"]
[Round "2.56"]
[White "Indjic,A"]
[Black "Anand,N"]
[Result "1-0"]
[WhiteElo "2630"]
[BlackElo "2373"]

1.d4 Nf6 2.Nf3 d5 3.c4 e6 4.Nc3 Bb4 5.Bg5 h6 6.Bxf6 Qxf6 7.e3 O-O 8.Rc1 Nc6
9.Qb3 Rd8 10.a3 Bxc3+ 11.Qxc3 dxc4 12.Bxc4 Ne7 13.O-O b6 14.Be2 Nd5 15.Qc6 Bd7
16.Qc2 c5 17.Qe4 cxd4 18.Nxd4 Bc8 19.Nc6 Rd6 20.Qe5 Qxe5 21.Nxe5 Bb7 22.Bb5 a6
23.Be2 f6 24.Nf3 Rdd8 25.Rfd1 Rac8 26.Bc4 Kf7 27.Bb3 Ke7 28.Kf1 Rxc1 29.Rxc1 Rd7
30.Ke2 Kd6 31.g3 b5 32.e4 Nb6 33.Ke3 Ke7 34.Nd4 e5 35.Nf5+ Kd8 36.Be6 Rc7
37.Rxc7 Kxc7 38.Nxg7 Na4 39.b4 Nc3 40.Ne8+ Kd8 41.Nxf6 Nb1 42.Bb3  1-0

[Event "Gibraltar Masters 2019"]
[Site "Caleta ENG"]
[Date "2019.01.23"]
[Round "2.55"]
[White "Matlakov,M"]
[Black "Blesic,V"]
[Result "1/2-1/2"]
[WhiteElo "2700"]
[BlackElo "2390"]

1.d4 Nf6 2.c4 e6 3.g3 Bb4+ 4.Nd2 O-O 5.Bg2 d5 6.Nf3 dxc4 7.Qc2 a6 8.Qxc4 Be7
9.Qc2 Nc6 10.e3 Nb4 11.Qb1 c5 12.a3 Nc6 13.dxc5 Bxc5 14.b4 Be7 15.Bb2 Bd7
16.O-O Qc7 17.Rc1 Rfd8 18.Ne5 Be8 19.Nxc6 Bxc6 20.Bxc6 bxc6 21.Nb3 Qd7 22.Rc4 a5
23.Rd4 Qc7 24.Nxa5 c5 25.Qc2 Nd5 26.Rg4 Bf8 27.Rc4 Qd7 28.Rd1 Qb5 29.a4 Qa6
30.Rh4 h6 31.Nc4  1/2-1/2

[Event "Gibraltar Masters 2019"]
[Site "Caleta ENG"]
[Date "2019.01.23"]
[Round "2.54"]
[White "Erenberg,Ariel"]
[Black "Mamedov,Rau"]
[Result "1/2-1/2"]
[WhiteElo "2409"]
[BlackElo "2703"]

1.d4 g6 2.c4 Bg7 3.g3 c6 4.Bg2 d5 5.cxd5 cxd5 6.Nc3 e6 7.Nf3 Nc6 8.O-O Nge7
9.b3 O-O 10.e3 b6 11.Ba3 Ba6 12.Re1 Rc8 13.Rc1 Re8 14.Qd2 Nf5 15.Bf1 Bxf1
16.Rxf1 e5 17.dxe5 d4 18.Nxd4 Nfxd4 19.exd4 Nxd4 20.Qd3 Rxe5 21.Ne4 Rd5 22.Be7 Nc6
23.Nf6+ Bxf6 24.Bxd8 Rxd3 25.Bxf6 Rd6 26.Bg5 f6 27.Bf4 Rd7 28.h4 Ne7 29.Rxc8+ Nxc8
30.Rc1 Ne7 31.Kf1 Kf7 32.Ke2 Ke6 33.Be3 Nf5 34.Rc8 Nxe3 35.Kxe3 Kf5 36.f3 h5
37.Rc4  1/2-1/2

[Event "Gibraltar Masters 2019"]
[Site "Caleta ENG"]
[Date "2019.01.23"]
[Round "2.53"]
[White "Fenollar Jorda,M"]
[Black "Yu Yangyi"]
[Result "1/2-1/2"]
[WhiteElo "2342"]
[BlackElo "2764"]

1.d4 Nf6 2.Nf3 g6 3.Bf4 Bg7 4.e3 O-O 5.Be2 d6 6.c4 c5 7.Nc3 Nh5 8.Bg5 h6
9.Bh4 g5 10.Bg3 Nd7 11.O-O f5 12.Ne1 g4 13.d5 Nxg3 14.hxg3 Ne5 15.Rc1 Bd7
16.b3 h5 17.f4 Ng6 18.Kf2 e5 19.dxe6 Bxe6 20.Rh1 Bf7 21.Nb5 d5 22.cxd5 Qb6
23.Qc2 Rac8 24.Bc4 a6 25.Nc3 Qd6 26.Qxf5 Ne7 27.Qg5 Bg6 28.Qxe7 Qxe7 29.d6+ Qf7
30.Bxf7+ Kxf7 31.Nd5 Bb2 32.Rd1 c4 33.bxc4 Rxc4 34.Ne7 Bf6 35.Nxg6 Kxg6 36.Ke2 Ra4
37.Rd2 Rd8 38.d7 Bc3 39.Rc2 Bxe1 40.Rxe1 Rxd7 41.Rb1 b5 42.Rc6+ Kf7 43.Rb2 Ra3
44.Rbc2 Rdd3 45.Rc7+ Kf8 46.Rc8+  1/2-1/2